| 000 | 00973cam a22002655a 4500 | ||
|---|---|---|---|
| 001 | L146619 | ||
| 008 | 081110s2009 xxka f 000 0 eng u | ||
| 020 | _a9781848060722 | ||
| 035 | _a(Sirsi) u146619 | ||
| 041 | 0 | _aeng | |
| 050 | 0 | 4 | _a690 $2 18 |
| 100 | 1 | _aScivyer, Chris | |
| 245 | _aRadon protection for new large buildings | ||
| 260 |
_aWatford _bIHS BRE _c2009 |
||
| 300 |
_a8p. _bill. _c30cm. |
||
| 490 | 0 |
_aBRE Good Building Guide _vGBG 75 |
|
| 520 | _aLooks at the problem of radon, and examines ways in which new large buildings can be built to minimise the risk from the gas. To be read in conjunction with BRE Report BR 211 (2007) "Radon: guidance on protective measures for new buildings". | ||
| 520 | _aReplaced by L158353 Radon protection for new large buildings, GG 75 (2015). | ||
| 521 | _aAdvanced | ||
| 590 | _aKA | ||
| 650 | 2 | 4 | _aRADON PROTECTION MEASURES |
| 651 | 4 |
_aUnited Kingdom _y |
|
| 690 |
_aHealth and safety _96244 |
||
| 942 | _n0 | ||
| 999 |
_c109244 _d109244 |
||